Δημιουργία βάσης γεωγραφικών δεδομένων για το Άγιο Όρος : διπλωματική [πτυχιακή εργασία]
Αποθηκεύτηκε σε:
| Κύριος συγγραφέας: | |
|---|---|
| Συγγραφή απο Οργανισμό/Αρχή: | |
| Άλλοι συγγραφείς: | |
| Μορφή: | Thesis Βιβλίο |
| Γλώσσα: | Greek |
| Δημοσίευση: |
2014
|
| Θέματα: | |
| Διαθέσιμο Online: | http://hdl.handle.net/11610/6197 |
| Ετικέτες: |
Προσθήκη ετικέτας
Δεν υπάρχουν, Καταχωρήστε ετικέτα πρώτοι!
|
MARC
| LEADER | 00000cam a2200000 i 4500 | ||
|---|---|---|---|
| 001 | 1/67749 | ||
| 008 | 150224s2014 gre d | ||
| 035 | |l 10121224 | ||
| 040 | |a GR-MY-UA |b gre |e aacr | ||
| 041 | 0 | |a gre | |
| 082 | 0 | |a 910.285 |2 (22) | |
| 100 | 1 | |a Καραχάλιος, Αναστάσιος Α. | |
| 245 | 1 | 0 | |a Δημιουργία βάσης γεωγραφικών δεδομένων για το Άγιο Όρος : |b διπλωματική [πτυχιακή εργασία] / |c Αναστάσιος Α. Καραχάλιος ; επιβλέπων καθηγητής: Κωνσταντίνος Δ. Καλαμποκίδης |
| 260 | |c 2014 | ||
| 300 | |a 76 σ.; |b εικ.; |c 30 εκ. | ||
| 502 | |a Πτυχιακή εργασία – Πανεπιστήμιο Αιγαίου, Λέσβος, 2014. | ||
| 504 | |a Βιβλιογραφία: σ.74-76 | ||
| 650 | 0 | 0 | |a Geographic information systems |x Case studies. |
| 650 | 0 | |a Geographic information systems |z Greece |z Athos. | |
| 650 | 0 | 0 | |a Remote sensing |x Research. |
| 650 | 0 | 0 | |a Dissertations, Academic |z Greece. |
| 651 | 0 | |a Athos (Greece) |x Geography. | |
| 700 | 1 | |4 ths |a Καλαμποκίδης, Κώστας Δ. | |
| 710 | 2 | |a Πανεπιστήμιο Αιγαίου. |b Σχολή Κοινωνικών Επιστημών. |b Τμήμα Γεωγραφίας. | |
| 852 | |a INST |b LESVOS |c DIATR |e 20150224 |h 897 |p 005100055952 |q 005100055952 |t DIE |y 23 | ||
| 852 | |a INST |b LESVOS |c DIATR |e 20150224 |h 898 |p 005100055951 |q 005100055951 |t DIE |y 23 | ||
| 856 | |u http://hdl.handle.net/11610/6197 | ||
| 901 | |a BIBL1-2015-1 | ||
| 909 | |a Λ |b 192878 | ||
| 909 | |a Λ |b 192879 | ||
| 924 | |a ΚΑΡΑΧΑΛΙΟΣ |b ΑΝΑΣΤΑΣΙΟΣ |y ΛΕΣΒΟΣ |z 2014-11 | ||
| 970 | |a ΤΖΑΦΕΡΗ |b ΕΥΑΓΓΕΛΙΑ |z 2015/02/24 | ||